[Event "XtraCon-Skakligaen"]
[Site "Denmark"]
[Date "2011.10.30"]
[Round "2.3"]
[White "Christensen, Tobias"]
[Black "Carstensen, Jacob"]
[Result "1/2-1/2"]
[WhiteElo "2346"]
[BlackElo "2372"]
[PlyCount "207"]
[EventDate "2011.10.29"]
[EventType "team-tourn"]
[EventRounds "9"]
[WhiteTeam "Aarhus/Skolerne"]
[BlackTeam "Bronshoj"]
[WhiteTeamCountry "DEN"]
[BlackTeamCountry "DEN"]

1. d4 Nf6 2. c4 e6 3. Nc3 Bb4 4. e3 b6 5. Bd3 Bb7 6. Nf3 Ne4 7. Qb3 Bxc3+ 8.
bxc3 f5 9. Ba3 Qf6 10. Rd1 Ng5 11. Nxg5 Qxg5 12. Rg1 Nc6 13. c5 f4 14. exf4
Qxf4 15. g3 Qf6 16. Qc2 O-O-O 17. cxb6 axb6 18. h4 h6 19. Rd2 g5 20. hxg5 hxg5
21. Kd1 d5 22. Bb5 e5 23. Bxc6 Bxc6 24. dxe5 Qxe5 25. Re1 Qf6 26. Qd3 Rde8 27.
Rxe8+ Rxe8 28. Re2 Re4 29. Rxe4 dxe4 30. Qd2 Qe6 31. Kc1 Bd5 32. Kb1 g4 33. Bc1
Qf7 34. Ka1 Qe6 35. Qc2 Bc4 36. Bf4 Qd5 37. Qa4 Kb7 38. Qc2 c5 39. Qd2 Bd3 40.
Qd1 Qd7 41. Qb3 Bb5 42. Kb2 Bc6 43. Qg8 Ka6 44. Qc4+ Ka7 45. Qg8 Bd5 46. Qb8+
Ka6 47. c4 Bxc4 48. Qa8+ Kb5 49. Qxe4 Bd5 50. Qd3+ Kc6 51. Be3 Qf7 52. a3 Qf6+
53. Qc3 Qf3 54. Qd2 Be6 55. Kc1 Bf5 56. Kb2 Qe4 57. Qc1 Qd3 58. Ka1 Be4 59. Kb2
Qb5+ 60. Ka1 Qb3 61. Qb2 Qd1+ 62. Qc1 Qa4 63. Qb2 Bd5 64. Qf6+ Kb7 65. Qg7+ Ka6
66. Qb2 Qc4 67. Kb1 Be4+ 68. Ka1 Bc2 69. Bc1 Bb3 70. Be3 Bc2 71. Bc1 Qe2 72.
Be3 Qd3 73. Ka2 Ka5 74. Ka1 Ka4 75. Ka2 Qc4+ 76. Ka1 Qb3 77. Bc1 Be4 78. Qa2 b5
79. Qxb3+ Kxb3 80. Be3 c4 81. Bc5 c3 82. Bb4 c2 83. Bd2 Kxa3 84. Bc1+ Kb3 85.
Bd2 Bd5 86. Bg5 b4 87. Bd2 Be6 88. Bg5 Bc4 89. Bd2 Be2 90. Bg5 Kc3 91. Bf6+ Kd2
92. Bg5+ Kc3 93. Bf6+ Kb3 94. Bg5 Bd3 95. Bd2 Bg6 96. Bg5 Kc3 97. Bf6+ Kd2 98.
Bg5+ Kd1 99. Kb2 Bf7 100. Be3 b3 101. Bg5 Ke2 102. Be3 Bd5 103. Kc1 Ke1 104.
Kb2 1/2-1/2

[Event "XtraCon-Skakligaen"]
[Site "Denmark"]
[Date "2011.10.30"]
[Round "2.4"]
[White "Pilgaard, Kim"]
[Black "Ochsner, Bjorn Moller"]
[Result "1-0"]
[WhiteElo "2424"]
[BlackElo "2252"]
[PlyCount "139"]
[EventDate "2011.10.29"]
[EventType "team-tourn"]
[EventRounds "9"]
[WhiteTeam "Bronshoj"]
[BlackTeam "Aarhus/Skolerne"]
[WhiteTeamCountry "DEN"]
[BlackTeamCountry "DEN"]

1. e4 c5 2. Nf3 d6 3. d4 cxd4 4. Nxd4 Nf6 5. Nc3 a6 6. Be3 e5 7. Nf3 Be7 8. Bc4
Be6 9. Bxe6 fxe6 10. O-O O-O 11. Na4 Nfd7 12. c4 Nc6 13. Qb3 Na5 14. Qd3 Rc8
15. Rac1 Nc6 16. Rfd1 Qc7 17. Nc3 h6 18. Nd5 exd5 19. cxd5 a5 20. dxc6 bxc6 21.
Nd2 Nf6 22. Nc4 Rb8 23. b3 Kh8 24. Bd2 Ng4 25. f3 Qa7+ 26. Ne3 Nxe3 27. Bxe3
Qb7 28. Qc3 c5 29. Qxa5 Ra8 30. Qd2 Ra3 31. Rc2 Rfa8 32. Qf2 Qa6 33. Rdd2 Qb6
34. h3 R8a6 35. Re2 Bg5 36. Bxg5 hxg5 37. Kh2 Qa7 38. Red2 Kg8 39. Qg3 Qe7 40.
Qg4 Qf6 41. Kh1 Kf7 42. Qh5+ Kf8 43. Qg4 Kf7 44. Qd7+ Kg8 45. Rd1 Rxa2 46. Rxa2
Rxa2 47. Qxd6 Rc2 48. Qd3 Ra2 49. b4 Kh7 50. bxc5 Qf4 51. Qd7 Rc2 52. c6 g4 53.
Qxg4 Qxg4 54. hxg4 Rxc6 55. Rd5 Re6 56. Rd8 Kg6 57. Rf8 Kg5 58. Rf5+ Kh6 59.
Kh2 Re8 60. Kh3 Kg6 61. Kg3 Kh6 62. g5+ Kg6 63. Kg4 Re7 64. Rf8 Ra7 65. Rd8 Ra6
66. Re8 Ra5 67. Re6+ Kf7 68. Kf5 Ra2 69. g6+ Kf8 70. Rxe5 1-0

[Event "XtraCon-Skakligaen"]
[Site "Denmark"]
[Date "2011.10.30"]
[Round "2.5"]
[White "Rendboe, John Filip"]
[Black "Bromann, Thorbjorn"]
[Result "1/2-1/2"]
[WhiteElo "2242"]
[BlackElo "2385"]
[PlyCount "44"]
[EventDate "2011.10.29"]
[EventType "team-tourn"]
[EventRounds "9"]
[WhiteTeam "Aarhus/Skolerne"]
[BlackTeam "Bronshoj"]
[WhiteTeamCountry "DEN"]
[BlackTeamCountry "DEN"]

1. d4 e6 2. c4 f5 3. g3 Nf6 4. Bg2 c6 5. Nf3 d5 6. O-O Bd6 7. b3 Qe7 8. a4 a5
9. Ba3 Na6 10. Bxd6 Qxd6 11. c5 Qc7 12. Na3 b6 13. cxb6 Qxb6 14. Ne5 Nd7 15.
Nf3 O-O 16. Qd2 Nf6 17. Rfc1 Bd7 18. Ne5 Rfc8 19. Rab1 c5 20. Nxd7 Nxd7 21. Nb5
cxd4 22. Nxd4 Nf6 1/2-1/2

[Event "XtraCon-Skakligaen"]
[Site "Denmark"]
[Date "2011.10.30"]
[Round "2.6"]
[White "Hoi, Carsten"]
[Black "Pedersen, Finn"]
[Result "0-1"]
[WhiteElo "2372"]
[BlackElo "2285"]
[PlyCount "58"]
[EventDate "2011.10.29"]
[EventType "team-tourn"]
[EventRounds "9"]
[WhiteTeam "Bronshoj"]
[BlackTeam "Aarhus/Skolerne"]
[WhiteTeamCountry "DEN"]
[BlackTeamCountry "DEN"]

1. c4 c6 2. Nf3 d5 3. e3 Nf6 4. Nc3 e6 5. b3 Bd6 6. Bb2 O-O 7. d4 Ne4 8. Nxe4
dxe4 9. Nd2 f5 10. Be2 c5 11. dxc5 Bxc5 12. Qc2 Nc6 13. a3 a5 14. g3 b6 15. Rd1
Qe7 16. Qc1 Bb7 17. O-O e5 18. Nb1 f4 19. Bg4 Bc8 20. Bxc8 Raxc8 21. gxf4 exf4
22. Kh1 Ne5 23. Bxe5 Qxe5 24. Nc3 Qh5 25. Rg1 fxe3 26. Rd7 Qf3+ 27. Rg2 exf2
28. Rdxg7+ Kh8 29. Qf1 Rg8 0-1

[Event "XtraCon-Skakligaen"]
[Site "Denmark"]
[Date "2011.10.30"]
[Round "2.7"]
[White "Jacobsen, Bo"]
[Black "Holmsgaard, Henrik"]
[Result "1-0"]
[WhiteElo "2317"]
[BlackElo "2320"]
[PlyCount "65"]
[EventDate "2011.10.29"]
[EventType "team-tourn"]
[EventRounds "9"]
[WhiteTeam "Aarhus/Skolerne"]
[BlackTeam "Bronshoj"]
[WhiteTeamCountry "DEN"]
[BlackTeamCountry "DEN"]

1. c4 c6 2. Nf3 d5 3. g3 Bg4 4. Bg2 Nd7 5. cxd5 cxd5 6. Qa4 Bxf3 7. exf3 Ngf6
8. f4 e6 9. Nc3 Be7 10. O-O O-O 11. d4 Nb6 12. Qc2 Qd7 13. Bh3 g6 14. g4 Rfe8
15. f5 exf5 16. gxf5 Bf8 17. Qd3 Qc6 18. fxg6 hxg6 19. f4 Bg7 20. f5 Ne4 21.
Kh1 Nd7 22. fxg6 Qxg6 23. Bf5 Qc6 24. Qh3 Nf8 25. Bf4 Re7 26. Rac1 Nxc3 27.
Rxc3 Qe8 28. Qh4 Re4 29. Rh3 Rxf4 30. Rxf4 Qe2 31. Bh7+ Nxh7 32. Qxh7+ Kf8 33.
Rhf3 1-0

[Event "XtraCon-Skakligaen"]
[Site "Denmark"]
[Date "2011.12.04"]
[Round "3.1"]
[White "Kulaots, Kaido"]
[Black "Ostergaard, Jens"]
[Result "1-0"]
[WhiteElo "2592"]
[BlackElo "2260"]
[PlyCount "67"]
[EventDate "2011.10.29"]
[EventType "team-tourn"]
[EventRounds "9"]
[WhiteTeam "Skanderborg"]
[BlackTeam "Hillerod"]
[WhiteTeamCountry "DEN"]
[BlackTeamCountry "DEN"]

1. e4 c5 2. Nf3 Nc6 3. Nc3 g6 4. d4 cxd4 5. Nxd4 Bg7 6. Be3 Nf6 7. Bc4 Qa5 8.
O-O O-O 9. Bb3 d6 10. h3 Bd7 11. Nf3 Qh5 12. Re1 Na5 13. Bg5 Bc6 14. Ne2 Nxb3
15. axb3 Nxe4 16. Nf4 Nxg5 17. Nxh5 Nxf3+ 18. gxf3 gxh5 19. Rxe7 Rfd8 20. Qd3
Bf6 21. Rae1 Bxe7 22. Rxe7 Re8 23. Qxd6 Rad8 24. Qf6 Rxe7 25. Qxe7 Rd5 26. Kf1
Bd7 27. h4 Be6 28. Qxb7 a5 29. Qb8+ Kg7 30. Ke2 Rf5 31. c4 f6 32. f4 Bf7 33.
Qc7 Kg6 34. Ke3 1-0

[Event "XtraCon-Skakligaen"]
[Site "Denmark"]
[Date "2011.12.04"]
[Round "3.2"]
[White "Pedersen, Martin Rosenkilde"]
[Black "Pedersen, Nicolai Vesterbaek"]
[Result "1/2-1/2"]
[WhiteElo "2186"]
[BlackElo "2460"]
[PlyCount "174"]
[EventDate "2011.10.29"]
[EventType "team-tourn"]
[EventRounds "9"]
[WhiteTeam "Hillerod"]
[BlackTeam "Skanderborg"]
[WhiteTeamCountry "DEN"]
[BlackTeamCountry "DEN"]

1. e4 e5 2. Bc4 Nf6 3. d3 Nc6 4. Nc3 Na5 5. Qf3 Nxc4 6. dxc4 Be7 7. Nge2 d6 8.
h3 Be6 9. b3 c6 10. O-O h6 11. Ng3 g6 12. Rd1 Qc7 13. a4 h5 14. Bg5 Nh7 15.
Bxe7 Qxe7 16. Rd3 h4 17. Nf1 Ng5 18. Qe3 f6 19. Rad1 Nf7 20. Nh2 O-O 21. f4
exf4 22. Qxf4 g5 23. Qf2 a6 24. Nf3 Kg7 25. Nd4 Rad8 26. Nce2 Bc8 27. Nf5+ Bxf5
28. exf5 Rde8 29. Nd4 Nd8 30. Ne6+ Nxe6 31. fxe6 Qxe6 32. Rxd6 Qe5 33. Rd7+ Rf7
34. Qf3 Rfe7 35. Rd8 Qe3+ 36. Qxe3 Rxe3 37. R8d7+ R8e7 38. Rxe7+ Rxe7 39. Kf2
Kg6 40. Kf3 Kf5 41. Rd2 Ke5 42. Rd8 Rg7 43. c3 f5 44. Re8+ Kd6 45. Rd8+ Kc7 46.
Rf8 g4+ 47. hxg4 fxg4+ 48. Kf4 h3 49. Kg3 hxg2 50. Kxg2 Rd7 51. Kg3 Rd3+ 52.
Kxg4 Rxc3 53. Rf7+ Kb6 54. a5+ Ka7 55. Rf3 Rc2 56. Kf4 Ra2 57. Ke4 Rxa5 58. Kd4
Ra2 59. Kc5 a5 60. b4 axb4 61. Kxb4 Kb6 62. c5+ Ka6 63. Rf8 Rb2+ 64. Kc4 Rc2+
65. Kb4 b5 66. cxb6 Kxb6 67. Rf6 Rh2 68. Rf4 Rh1 69. Kc4 Ra1 70. Rf8 Ra4+ 71.
Kb3 Rg4 72. Rf6 Kb5 73. Rf5+ c5 74. Kc3 Rg3+ 75. Kc2 Ra3 76. Kb2 Rd3 77. Kc2
Rd4 78. Kc3 Ra4 79. Kb3 Re4 80. Kc3 Re3+ 81. Kc2 Kb4 82. Rf8 Re7 83. Kd3 Re1
84. Rb8+ Ka3 85. Rb5 Rc1 86. Rb8 c4+ 87. Kd2 Rf1 1/2-1/2

[Event "XtraCon-Skakligaen"]
[Site "Denmark"]
[Date "2011.12.04"]
[Round "3.3"]
[White "Andersen, Mads"]
[Black "Andersen, Ib Hother"]
[Result "1-0"]
[WhiteElo "2398"]
[BlackElo "2183"]
[PlyCount "49"]
[EventDate "2011.10.29"]
[EventType "team-tourn"]
[EventRounds "9"]
[WhiteTeam "Skanderborg"]
[BlackTeam "Hillerod"]
[WhiteTeamCountry "DEN"]
[BlackTeamCountry "DEN"]

1. d4 Nf6 2. c4 e6 3. g3 c5 4. d5 exd5 5. cxd5 b5 6. Nf3 d6 7. e4 Nxe4 8. Bxb5+
Bd7 9. Bxd7+ Nxd7 10. Qe2 Qe7 11. O-O f5 12. Re1 Kf7 13. Nh4 g6 14. f3 Nef6 15.
Qe6+ Ke8 16. Bg5 Kd8 17. Na3 Rb8 18. Nc4 Qg7 19. Bf4 Rb4 20. Nxd6 Rxf4 21. Nf7+
Kc7 22. gxf4 Rg8 23. Rac1 Nh5 24. Qc6+ Kb8 25. Re8# 1-0

[Event "XtraCon-Skakligaen"]
[Site "Denmark"]
[Date "2011.12.04"]
[Round "3.4"]
[White "Svenninggaard, Thomas"]
[Black "Pedersen, Jan"]
[Result "0-1"]
[WhiteElo "2163"]
[BlackElo "2390"]
[PlyCount "148"]
[EventDate "2011.10.29"]
[EventType "team-tourn"]
[EventRounds "9"]
[WhiteTeam "Hillerod"]
[BlackTeam "Skanderborg"]
[WhiteTeamCountry "DEN"]
[BlackTeamCountry "DEN"]

1. b4 c6 2. Bb2 Qb6 3. a3 a5 4. e3 axb4 5. axb4 Rxa1 6. Bxa1 Qxb4 7. c4 Qa5 8.
Bc3 Qc7 9. Qa4 Na6 10. d4 Nf6 11. Bd3 e6 12. Nf3 Be7 13. O-O d6 14. Nbd2 O-O
15. Rb1 Nd7 16. c5 dxc5 17. Bxa6 bxa6 18. Nc4 Bb7 19. Ba5 Qc8 20. Nfe5 cxd4 21.
exd4 Nxe5 22. dxe5 c5 23. Nd6 Bxd6 24. exd6 Bc6 25. Qd1 Qd7 26. h4 c4 27. Qd4
Rc8 28. Bc7 Bb5 29. h5 h6 30. Rc1 Rxc7 31. dxc7 Qxd4 32. c8=Q+ Kh7 33. Qb7 Qd2
34. Qe4+ f5 35. Qb1 Qg5 36. Rc3 Qxh5 37. Qe1 Qg6 38. Rg3 Qf6 39. Re3 Qd4 40.
Rxe6 c3 41. Qc1 f4 42. Re1 Ba4 43. Qa1 Qd2 44. Re7 Bd7 45. Qe1 Qxe1+ 46. Rxe1
c2 47. Ra1 Ba4 48. Kf1 a5 49. Ke1 Bb3 50. Kd2 a4 51. Re1 g5 52. Re5 Kg6 53. Ra5
h5 54. Ra6+ Kf5 55. Ra5+ Kg4 56. Rb5 Kh4 57. Ra5 Kg4 58. Rb5 Bc4 59. Ra5 Bf1
60. g3 Bd3 61. Rxa4 h4 62. gxf4 gxf4 63. Ra1 Be4 64. Rg1+ Kf3 65. Rh1 Kg4 66.
Rg1+ Kf3 67. Rh1 Kxf2 68. Rxh4 Kg3 69. Rh8 f3 70. Rg8+ Kf4 71. Rc8 Bf5 72. Rc5
f2 73. Ke2 Kg3 74. Rc7 Bh3 0-1

[Event "XtraCon-Skakligaen"]
[Site "Denmark"]
[Date "2011.12.04"]
[Round "3.5"]
[White "Boe, Mads"]
[Black "Erlandsen, Carsten"]
[Result "1-0"]
[WhiteElo "2347"]
[BlackElo "2105"]
[PlyCount "49"]
[EventDate "2011.10.29"]
[EventType "team-tourn"]
[EventRounds "9"]
[WhiteTeam "Skanderborg"]
[BlackTeam "Hillerod"]
[WhiteTeamCountry "DEN"]
[BlackTeamCountry "DEN"]

1. e4 c5 2. c3 d5 3. exd5 Nf6 4. d4 cxd4 5. Qxd4 Qxd5 6. Qxd5 Nxd5 7. Bc4 Nb6
8. Bb3 e6 9. Nf3 Nc6 10. Be3 Nd7 11. Nbd2 b6 12. O-O-O Bb7 13. Nc4 Nc5 14. Bc2
Rd8 15. b4 Rxd1+ 16. Rxd1 Nd7 17. Ba4 Ncb8 18. Nfe5 Bc8 19. Bxb6 f6 20. Bxa7
Ke7 21. Nd6 fxe5 22. Nxc8+ Kd8 23. Nb6 Kc7 24. Nxd7 Nxd7 25. Rxd7+ 1-0

[Event "XtraCon-Skakligaen"]
[Site "Denmark"]
[Date "2011.12.04"]
[Round "3.6"]
[White "Kleiminger, Poul"]
[Black "Kristensen, Leif Sogaard"]
[Result "0-1"]
[WhiteElo "2086"]
[BlackElo "2301"]
[PlyCount "136"]
[EventDate "2011.10.29"]
[EventType "team-tourn"]
[EventRounds "9"]
[WhiteTeam "Hillerod"]
[BlackTeam "Skanderborg"]
[WhiteTeamCountry "DEN"]
[BlackTeamCountry "DEN"]

1. c4 g6 2. g3 Bg7 3. Bg2 d6 4. Nc3 e5 5. Nf3 Nc6 6. d3 Nge7 7. Bg5 h6 8. Bd2
O-O 9. h3 Be6 10. e4 f5 11. Nd5 Nd4 12. Nxd4 exd4 13. Nf4 Bc8 14. O-O c6 15.
Kh2 Kh7 16. Qe2 Be5 17. exf5 Nxf5 18. Be4 Qd7 19. Qg4 Qf7 20. Qe2 Bd7 21. Ng2
Rae8 22. f4 Bf6 23. Qf3 Ne7 24. Qf2 d5 25. cxd5 cxd5 26. Bf3 Bb5 27. Be2 Nf5
28. Rfe1 Re6 29. Rac1 Qd7 30. Qf3 Bd8 31. Bf1 Rfe8 32. Rxe6 Rxe6 33. Re1 Bb6
34. Rxe6 Qxe6 35. Qg4 h5 36. Qf3 Ne3 37. Be2 Bd7 38. g4 hxg4 39. hxg4 Nxg4+ 40.
Qxg4 Qxg4 41. Bxg4 Bxg4 42. Kg3 Bf5 43. Ne1 Kh6 44. Bb4 Bd8 45. Bc5 Kh5 46. Nf3
b6 47. Bxd4 Bxd3 48. Be5 Be2 49. Kf2 Bxf3 50. Kxf3 b5 51. Bd4 Bb6 52. Be5 Bc5
53. b3 Kh6 54. Bf6 Kh7 55. a4 bxa4 56. bxa4 Kg8 57. Bc3 Kf7 58. Kg4 Be3 59. Kf3
Bg1 60. Kg2 Bc5 61. Kf3 Ke6 62. Kg4 Be3 63. Kf3 d4 64. Ba5 Kd5 65. Bc7 Bc1 66.
Bb8 a6 67. Bc7 d3 68. Ba5 Kc4 0-1

[Event "XtraCon-Skakligaen"]
[Site "Denmark"]
[Date "2011.12.04"]
[Round "3.7"]
[White "Pedersen, Jan Rode"]
[Black "Skov, Palle"]
[Result "1-0"]
[WhiteElo "2204"]
[BlackElo "2002"]
[PlyCount "49"]
[EventDate "2011.10.29"]
[EventType "team-tourn"]
[EventRounds "9"]
[WhiteTeam "Skanderborg"]
[BlackTeam "Hillerod"]
[WhiteTeamCountry "DEN"]
[BlackTeamCountry "DEN"]

1. e4 c6 2. d4 d5 3. Nc3 dxe4 4. Nxe4 Nf6 5. Nxf6+ gxf6 6. Nf3 Bf5 7. Bd3 e6 8.
Bxf5 Qa5+ 9. c3 Qxf5 10. Qb3 Qe4+ 11. Be3 Nd7 12. O-O-O O-O-O 13. Rhe1 Bd6 14.
c4 Rhg8 15. Rg1 Bf4 16. Nd2 Bxe3 17. fxe3 Qh4 18. c5 b6 19. g3 Qxh2 20. Ne4
bxc5 21. dxc5 Kc7 22. Qa3 Rb8 23. Qxa7+ Rb7 24. Rxd7+ Kxd7 25. Qxb7+ 1-0

[Event "XtraCon-Skakligaen"]
[Site "Denmark"]
[Date "2011.12.04"]
[Round "3.8"]
[White "Sorensen, Esben Lauge"]
[Black "Rasmussen, Morten(1956)"]
[Result "1-0"]
[WhiteElo "1976"]
[BlackElo "1931"]
[PlyCount "107"]
[EventDate "2011.10.29"]
[EventType "team-tourn"]
[EventRounds "9"]
[WhiteTeam "Hillerod"]
[BlackTeam "Skanderborg"]
[WhiteTeamCountry "DEN"]
[BlackTeamCountry "DEN"]

1. e4 c6 2. d4 d5 3. exd5 cxd5 4. c4 Nf6 5. Nc3 e6 6. c5 Nc6 7. Nf3 Bd7 8. Bb5
a6 9. Bxc6 Bxc6 10. O-O Be7 11. b4 Ne4 12. Qd3 Nxc3 13. Qxc3 O-O 14. a4 Bf6 15.
Bf4 Re8 16. Be5 Bxe5 17. Nxe5 Qc7 18. f4 Re7 19. Qb3 Be8 20. b5 f6 21. b6 Qb8
22. Nd3 Bg6 23. Nb4 Qd8 24. a5 Be8 25. Rac1 Rc8 26. Rf3 Bb5 27. Re3 Qd7 28.
Rce1 Rce8 29. Qc2 Ba4 30. Qc3 Bb5 31. Kf2 Bc4 32. Nd3 Bxd3 33. Qxd3 f5 34. Qe2
g6 35. Rc1 Qc6 36. Ra3 Kf8 37. Qe5 Kg8 38. h4 Qb5 39. Kg1 Qc6 40. Kh2 Rd7 41.
h5 Rg7 42. Rg3 Kf7 43. Rcc3 Rc8 44. hxg6+ hxg6 45. Rh3 Rcg8 46. Rh6 Ke7 47.
Rch3 Kf7 48. Rh8 Qe8 49. R3h7 Qf8 50. Qc7+ Kf6 51. Rxg8 Qxg8 52. Qxg7+ Qxg7 53.
Rxg7 Kxg7 54. c6 1-0

[Event "XtraCon-Skakligaen"]
[Site "Denmark"]
[Date "2011.12.04"]
[Round "3.1"]
[White "Pedersen, Steffen"]
[Black "Nielsen, Peter Heine"]
[Result "1/2-1/2"]
[WhiteElo "2431"]
[BlackElo "2687"]
[PlyCount "87"]
[EventDate "2011.10.29"]
[EventType "team-tourn"]
[EventRounds "9"]
[WhiteTeam "Sydostfyn"]
[BlackTeam "Jetsmark"]
[WhiteTeamCountry "DEN"]
[BlackTeamCountry "DEN"]

1. d4 Nf6 2. c4 e6 3. Nf3 c5 4. d5 d6 5. Nc3 exd5 6. cxd5 g6 7. Nd2 Bg7 8. e4
O-O 9. Be2 Re8 10. O-O Nbd7 11. Kh1 Ne5 12. f3 g5 13. Nc4 Nh5 14. Ne3 a6 15. g3
Ng6 16. Nf5 b5 17. f4 Nf6 18. Nxg7 Kxg7 19. f5 Nf8 20. Bxg5 b4 21. Qc1 N8d7 22.
Nd1 Rxe4 23. Bf3 Re8 24. Qf4 Kh8 25. Ne3 Rg8 26. Bh4 Qf8 27. Nc4 Ne8 28. Rae1
f6 29. Rxe8 Qxe8 30. Nxd6 Qe7 31. Nc4 Rb8 32. Rf2 Re8 33. Nd6 b3 34. a3 Rf8 35.
Re2 Qg7 36. Nc4 Bb7 37. Re6 Rbd8 38. d6 Ne5 39. Nxe5 fxe5 40. Qe3 Rxf5 41. Bxd8
Rxf3 42. Kg1 Rxe3 43. Re8+ Qf8 44. Rxf8+ 1/2-1/2

[Event "XtraCon-Skakligaen"]
[Site "Denmark"]
[Date "2011.12.04"]
[Round "3.2"]
[White "Rasmussen, Allan Stig"]
[Black "Borbjerggaard, Lars"]
[Result "1-0"]
[WhiteElo "2541"]
[BlackElo "2339"]
[PlyCount "59"]
[EventDate "2011.10.29"]
[EventType "team-tourn"]
[EventRounds "9"]
[WhiteTeam "Jetsmark"]
[BlackTeam "Sydostfyn"]
[WhiteTeamCountry "DEN"]
[BlackTeamCountry "DEN"]

1. e4 c6 2. d4 d5 3. e5 c5 4. dxc5 Nc6 5. Nf3 e6 6. a3 a5 7. Be3 Qc7 8. Nc3
Nxe5 9. Nxe5 Qxe5 10. Bb5+ Bd7 11. Bxd7+ Kxd7 12. O-O Nf6 13. Na4 Ke8 14. Nb6
Rd8 15. c3 Qc7 16. b4 Ne4 17. Qd3 Qc6 18. Rfe1 Be7 19. Bd4 h5 20. c4 Kf8 21.
cxd5 exd5 22. f3 Ng5 23. Bxg7+ Kxg7 24. Rxe7 Rhg8 25. Rae1 Kf8 26. Qf5 Qg6 27.
Re8+ Rxe8 28. Rxe8+ Kg7 29. Qxg6+ fxg6 30. Rxg8+ 1-0

[Event "XtraCon-Skakligaen"]
[Site "Denmark"]
[Date "2011.12.04"]
[Round "3.3"]
[White "Nordenbaek, Jan"]
[Black "Glud, Jakob Vang"]
[Result "1/2-1/2"]
[WhiteElo "2252"]
[BlackElo "2496"]
[PlyCount "56"]
[EventDate "2011.10.29"]
[EventType "team-tourn"]
[EventRounds "9"]
[WhiteTeam "Sydostfyn"]
[BlackTeam "Jetsmark"]
[WhiteTeamCountry "DEN"]
[BlackTeamCountry "DEN"]

1. e4 e5 2. Nf3 Nc6 3. Bc4 Bc5 4. c3 Nf6 5. d4 exd4 6. cxd4 Bb4+ 7. Nc3 d6 8.
d5 Bxc3+ 9. bxc3 Ne7 10. Qd4 O-O 11. Bg5 Nd7 12. Bxe7 Qxe7 13. O-O f6 14. Rae1
a6 15. Bb3 Kh8 16. Nd2 Nc5 17. f4 Bd7 18. Bc2 Rae8 19. h3 c6 20. c4 cxd5 21.
cxd5 Bb5 22. Rf3 Qc7 23. Bb1 Na4 24. Rfe3 Qb6 25. Nf3 Qxd4 26. Nxd4 Bc4 27. Ne6
Rf7 28. Bc2 Nc5 1/2-1/2

[Event "XtraCon-Skakligaen"]
[Site "Denmark"]
[Date "2011.12.04"]
[Round "3.4"]
[White "Pedersen, Christian Kyndel"]
[Black "Lauridsen, Jesper Morch"]
[Result "1/2-1/2"]
[WhiteElo "2416"]
[BlackElo "2264"]
[PlyCount "106"]
[EventDate "2011.10.29"]
[EventType "team-tourn"]
[EventRounds "9"]
[WhiteTeam "Jetsmark"]
[BlackTeam "Sydostfyn"]
[WhiteTeamCountry "DEN"]
[BlackTeamCountry "DEN"]

1. e4 g6 2. d4 Bg7 3. Nc3 d6 4. f4 Nf6 5. Nf3 O-O 6. Bd3 Na6 7. O-O c5 8. d5
Bg4 9. Qe2 Bxf3 10. Rxf3 e6 11. dxe6 fxe6 12. f5 exf5 13. exf5 Ng4 14. Bf4 gxf5
15. Bxf5 Rxf5 16. Qe6+ Rf7 17. Qxg4 Qd7 18. Qxd7 Rxd7 19. Rd1 Nb4 20. Rd2 Rf8
21. Ne4 Bd4+ 22. Kf1 d5 23. Nc3 Rdf7 24. g3 Be5 25. Ne2 d4 26. c3 Nd5 27. cxd4
cxd4 28. Nxd4 Nxf4 29. gxf4 Rxf4 30. Rg2+ Kh8 31. Rgf2 Rxf3 32. Nxf3 Bxb2 33.
Rxb2 Rxf3+ 34. Ke2 Rh3 35. Kd1 b6 36. Rg2 Rf3 37. Kd2 Ra3 38. Kc1 h5 39. Kb2
Ra4 40. Kb3 Rg4 41. Rxg4 hxg4 42. Kb4 Kg7 43. Kb5 Kf6 44. Ka6 Kg5 45. a4 Kh4
46. Kxa7 Kh3 47. Kxb6 Kxh2 48. a5 g3 49. a6 g2 50. a7 g1=Q+ 51. Kb7 Qg7+ 52.
Kb8 Qb2+ 53. Ka8 Qg7 1/2-1/2

[Event "XtraCon-Skakligaen"]
[Site "Denmark"]
[Date "2011.12.04"]
[Round "3.5"]
[White "Nielsen, Niels-Peter"]
[Black "Christensen, Stefan"]
[Result "1/2-1/2"]
[WhiteElo "2161"]
[BlackElo "2278"]
[PlyCount "53"]
[EventDate "2011.10.29"]
[EventType "team-tourn"]
[EventRounds "9"]
[WhiteTeam "Sydostfyn"]
[BlackTeam "Jetsmark"]
[WhiteTeamCountry "DEN"]
[BlackTeamCountry "DEN"]

1. e4 e6 2. Nf3 d5 3. e5 c5 4. b4 b6 5. bxc5 bxc5 6. Be2 Nc6 7. O-O Nge7 8. Re1
Nf5 9. Bb5 Bd7 10. Bxc6 Bxc6 11. d4 Qb6 12. c3 cxd4 13. cxd4 Bb4 14. Re2 Be7
15. Ba3 Bxa3 16. Nxa3 O-O 17. Nc2 Ba4 18. Qb1 Qa6 19. Rd2 Rab8 20. Qe1 Bxc2 21.
Rxc2 Qa4 22. Qd1 Rb4 23. a3 Rc4 24. Rxc4 Qxc4 25. Rc1 Qa6 26. Qb3 Rc8 27. Rxc8+
1/2-1/2

[Event "XtraCon-Skakligaen"]
[Site "Denmark"]
[Date "2011.12.04"]
[Round "3.6"]
[White "Baekgaard, Martin"]
[Black "Bjerre, Lars Gronborg"]
[Result "1-0"]
[WhiteElo "2295"]
[BlackElo "2057"]
[PlyCount "65"]
[EventDate "2011.10.29"]
[EventType "team-tourn"]
[EventRounds "9"]
[WhiteTeam "Jetsmark"]
[BlackTeam "Sydostfyn"]
[WhiteTeamCountry "DEN"]
[BlackTeamCountry "DEN"]

1. d4 g6 2. c4 Bg7 3. e4 c5 4. d5 d6 5. Nc3 Bxc3+ 6. bxc3 Qa5 7. Qb3 f5 8. exf5
Bxf5 9. Ne2 Nd7 10. Ng3 Ngf6 11. Nxf5 gxf5 12. Bd3 Qa6 13. Bxf5 Nb6 14. Rb1 O-O
15. O-O Kh8 16. Bd3 Nfxd5 17. Re1 e5 18. Qd1 Nf6 19. Qf3 e4 20. Rxe4 Nxe4 21.
Qxe4 Rf7 22. Qe6 Raf8 23. Bh6 Qxa2 24. f3 Rg7 25. Bxg7+ Kxg7 26. Qe7+ Rf7 27.
Qg5+ Kf8 28. Re1 Nd7 29. Qh6+ Rg7 30. Qxd6+ Kf7 31. Re7+ Kg8 32. Re8+ Kf7 33.
Qe7# 1-0

[Event "XtraCon-Skakligaen"]
[Site "Denmark"]
[Date "2011.12.04"]
[Round "3.7"]
[White "Andersen, Arne"]
[Black "Wiwe, Andreas"]
[Result "1/2-1/2"]
[WhiteElo "2095"]
[BlackElo "2273"]
[PlyCount "92"]
[EventDate "2011.10.29"]
[EventType "team-tourn"]
[EventRounds "9"]
[WhiteTeam "Sydostfyn"]
[BlackTeam "Jetsmark"]
[WhiteTeamCountry "DEN"]
[BlackTeamCountry "DEN"]

1. d4 d5 2. Nf3 Nf6 3. Bf4 c5 4. e3 Nc6 5. c3 Qb6 6. Qb3 c4 7. Qxb6 axb6 8. Na3
Bf5 9. Nh4 e6 10. Nxf5 exf5 11. Nc2 Kd7 12. Be2 Bd6 13. Bxd6 Kxd6 14. Bf3 g5
15. g3 h6 16. h4 Rae8 17. hxg5 hxg5 18. Rxh8 Rxh8 19. Ke2 g4 20. Bg2 Rh2 21.
Rg1 Nd8 22. Kf1 b5 23. Rh1 Rxh1+ 24. Bxh1 Nc6 25. Ke2 Kc7 26. Kd2 Kb6 27. Nb4
Nxb4 28. cxb4 Kc6 29. Bg2 Kd6 30. Ke2 Ke6 31. Kd2 Nd7 32. Bh1 Nb8 33. Bg2 Na6
34. Kc3 Nc7 35. Kd2 Na8 36. Kc3 Nb6 37. Bf1 Nd7 38. Bg2 Nf6 39. Kd2 Nh7 40. Ke2
Ng5 41. Bh1 Kd6 42. Bg2 Kc6 43. Bh1 Ne6 44. Bg2 Nc7 45. Kd2 Kd6 46. Bh1 Na6
1/2-1/2

[Event "XtraCon-Skakligaen"]
[Site "Denmark"]
[Date "2011.12.04"]
[Round "3.8"]
[White "Rathlev, Jakob"]
[Black "Nielsen, Erik Ren"]
[Result "1-0"]
[WhiteElo "2251"]
[BlackElo "1773"]
[PlyCount "79"]
[EventDate "2011.10.29"]
[EventType "team-tourn"]
[EventRounds "9"]
[WhiteTeam "Jetsmark"]
[BlackTeam "Sydostfyn"]
[WhiteTeamCountry "DEN"]
[BlackTeamCountry "DEN"]

1. c4 Nf6 2. g3 g6 3. Bg2 Bg7 4. Nc3 c6 5. e4 d6 6. Nge2 O-O 7. O-O Na6 8. d4
Nc7 9. h3 e5 10. Be3 Be6 11. Qd3 Rb8 12. d5 cxd5 13. cxd5 Bd7 14. Bxa7 Ra8 15.
Bb6 Qb8 16. a3 Ra6 17. Be3 b5 18. Na2 Ra8 19. Nb4 Na6 20. Nxa6 Rxa6 21. Nc3 Qb7
22. Na2 Rfa8 23. Nb4 Ra4 24. Rac1 Rc8 25. Rxc8+ Qxc8 26. Rc1 Qb7 27. Bf1 Ra8
28. f3 Nh5 29. Kh2 f5 30. Bf2 fxe4 31. fxe4 Rf8 32. Rc2 Nf6 33. Kg2 Nxe4 34.
Qxe4 Bf5 35. Qe2 Bxc2 36. Qxc2 Rc8 37. Nc6 Rf8 38. Qe2 Qf7 39. Kg1 Qxd5 40.
Ne7+ 1-0